000 00335nam a2200145Ia 4500
008 230917s9999||||xx |||||||||||||| ||und||
040 _e114658
_aMAIN
041 _aEnglish
082 _aB N315A
100 _aNehru, Jawaharlal
245 0 _aAutobiography
260 _aNew Delhi
_bPenguin
_c2004
300 _a655p p.
942 _cBK
999 _c145866
_d145866